|
|
|
|
| LEADER |
00000cam a2200000 a 4500 |
| 001 |
vtls001075461 |
| 003 |
SK-MaSNL |
| 005 |
20260301111054.0 |
| 008 |
240606s1994 xo g 0000f cze |
| 015 |
|
|
|a SNBA1994/07
|
| 020 |
|
|
|a 8022005215
|
| 035 |
|
|
|a SNK000018293
|
| 040 |
|
|
|a SNK
|b slo
|c SNK
|e AACR2
|
| 041 |
1 |
|
|a cze
|h eng
|
| 044 |
|
|
|a xo
|c SK
|
| 072 |
|
7 |
|a 821.111(73)-3
|x Americká próza
|2 konspekt
|
| 080 |
|
|
|a 820 (73)-3=850
|2 1981
|
| 080 |
|
|
|a 821.111(73)-31
|2 2011
|
| 080 |
|
|
|a (0:82-312.4)
|2 2011
|
| 100 |
1 |
|
|a Mailer, Norman,
|d 1923-2007
|4 aut
|9 208714
|
| 240 |
1 |
0 |
|a Tough Guys Don't Dance
|l Česky
|
| 245 |
1 |
0 |
|a Ostří hoši netančí
|c Norman Mailer ; přeložil Jozef Genzor
|
| 260 |
|
|
|a Bratislava
|b Slovenský spisovateľ
|c 1994
|
| 300 |
|
|
|a 218 s.
|c 20 cm
|
| 655 |
|
7 |
|a americké romány
|2 SNKPH
|9 1174
|
| 655 |
|
7 |
|a trilery (romány)
|2 SNKPH
|9 151146
|
| 700 |
1 |
|
|a Genzor, Jozef,
|d 1939-2019
|4 trl
|9 100096
|
| 700 |
1 |
|
|a Sládek, Anton,
|d 1956-
|4 ill
|9 245878
|
| 700 |
1 |
|
|a Grečner, Dušan,
|d 1944-2015
|4 bjk
|9 162271
|
| 852 |
|
|
|a Slovenská národná knižnica
|
| 919 |
|
|
|a 80-220-0521-5
|
| 954 |
|
|
|a beletria cudzojazyčná (svetová)
|2 lita
|
| 958 |
|
|
|a LX
|
| 958 |
|
|
|a UC
|
| 958 |
|
|
|a TL
|
| 958 |
|
|
|a UP
|
| 958 |
|
|
|a NS
|
| 958 |
|
|
|a CZ
|
| 968 |
|
|
|b ENG
|
| 999 |
|
|
|c 705365
|d 707295
|
| 952 |
|
|
|t P60, <05>, [BOOK], {605}
|a SNK
|b SNK
|y PREZ
|7 0
|p 17A0248315
|o snkSC 85759 D1
|0 0
|1 0
|4 0
|d 2000-07-28
|l 0
|r 2004-12-31 00:00:00
|w 2026-02-23
|
| 952 |
|
|
|a SNK
|b SNK
|y PREZ
|7 0
|p 17A0995676
|o snkSC 85759
|0 0
|1 0
|4 0
|d 2012-08-15
|l 0
|r 2026-02-23 21:13:48
|w 2026-02-23
|